Les Bases de la morale évolutionniste
Salvato in:
| Autore principale: | |
|---|---|
| Natura: | Libro |
| Lingua: | francese |
| Pubblicazione: |
París
Germer Baillière
1895
|
| Edizione: | 6a. ed |
| Soggetti: | |
| Tags: |
Aggiungi Tag
Nessun Tag, puoi essere il primo ad aggiungerne!!
|
MARC
| LEADER | 00000nam a2200000 a 4500 | ||
|---|---|---|---|
| 001 | UCR4235 | ||
| 003 | CL-VaPUC | ||
| 008 | 980307e18950000FR |||||||||||||||||fre|d | ||
| 082 | 0 | 4 | |a 171.2 |b SPE |2 21 |
| 100 | 0 | |a Spencer, Herbert |e author |9 256539 | |
| 245 | 1 | 4 | |a Les Bases de la morale évolutionniste |
| 250 | |a 6a. ed | ||
| 300 | |a 277 p | ||
| 942 | |c BK | ||
| 945 | |d 19980307 00:00:00 |a cmena | ||
| 260 | |a París |b Germer Baillière |c 1895 | ||
| 650 | 0 | |a Ética |9 255099 | |
| 650 | 0 | |a Conceptos morales |9 310606 | |
| 650 | 0 | |a Escuelas filosóficas |9 266232 | |
| 650 | 0 | |a Comportamiento moral |9 334569 | |
| 583 | |a last modification |c 19980307 00:00:00 |k Rodrigo Vera | ||
| 999 | |c 267184 |d 267182 | ||
| 952 | |0 0 |1 0 |4 0 |6 171_200000000000000_SPE_1895 |7 0 |8 X |9 299407 |a BIBDER |b BIBDER |d 2019-11-20 |i 1960415 |o 171.2 SPE 1895 |p 1960415 |r 2023-01-25 |w 2019-11-20 |y BK_X |k DER | ||